00805nac a22002057a 4500001001000000003000900010005001700019008003400036040005400070072000800124110011700132245008800249260003600337300001000373490013100383500003100514650001700545650001700562650002000579BR8404479BR-BrBNA20240105120153.0230509b bl.|||m| |||| 00| 0 por d aBR-BrBNAbporcBiblioteca Nacional de Agricultura aP401 aUniversidade Estadual Paulista Julio de Mesquita Filho, Botucatu, SP (Brasil). Faculdade de Ciencias Agronomicas1 aAnuario meteorologico 1983 [Universidade Estadual Paulista Julio de Mesquita Filho]3 aBotucatu, SP (Brasil): c[nd].  a29 p. aAnuario Meteorologico - Universidade Estadual Paulista Julio de Mesquita Filho. Faculdade de Ciencias Agronomicas (Brazil)vx aPublished 1983?; 28 tables aMETEOROLOGIA aCLIMATOLOGIA aBALANCO HIDRICO